H.R. 520, H.R. 2990, H.R. 5103, H.R. 5504, H.R. 5509, H.R. 5874, and H.R. 6008 : hearing before the Subcommittee on Water, Wildlife and Fisheries of the Committee on Natural Resources, U.S. House of Representatives, One Hundred Eighteenth Congress, first session, Wednesday, October 25, 2023.

Bibliographic Details
Corporate Author: United States. Congress. House. Committee on Natural Resources. Subcommittee on Water, Wildlife, and Fisheries (Author)
Format: Government Document eBook
Language:English
Published: Washington : U.S. Government Publishing Office, 2024.
Subjects:
Online Access:https://purl.fdlp.gov/GPO/gpo231371

MARC

Tag First Indicator Second Indicator Subfields
LEADER 00000nam a2200000 i 4500
001 in00005502521
006 m o d f
007 cr |||||||||||
008 240729s2024 dcuab ob f000 0 eng c
005 20241004205423.6
024 8 |a 53-922  |q (GPO jacket number) 
035 |a (OCoLC)on1450308303 
040 |a GPO  |b eng  |e rda  |e pn  |c GPO  |d MvI 
042 |a pcc 
043 |a n-us--- 
049 |a WWW 
074 |a 1023-C (online) 
086 0 |a Y 4.R 31/3:118-73 
088 |a Serial no. 118-73 (United States. Congress. House. Committee on Natural Resources) 
110 1 |a United States.  |b Congress.  |b House.  |b Committee on Natural Resources.  |b Subcommittee on Water, Wildlife, and Fisheries,  |0 https://id.loc.gov/authorities/names/no2023092480  |e author. 
245 1 0 |a H.R. 520, H.R. 2990, H.R. 5103, H.R. 5504, H.R. 5509, H.R. 5874, and H.R. 6008 :  |b hearing before the Subcommittee on Water, Wildlife and Fisheries of the Committee on Natural Resources, U.S. House of Representatives, One Hundred Eighteenth Congress, first session, Wednesday, October 25, 2023. 
264 1 |a Washington :  |b U.S. Government Publishing Office,  |c 2024. 
300 |a 1 online resource (iv, 134 pages) :  |b color illustrations, color maps 
336 |a text  |b txt  |2 rdacontent 
337 |a computer  |b c  |2 rdamedia 
338 |a online resource  |b cr  |2 rdacarrier 
500 |a In scope of the U.S. Government Publishing Office Cataloging and Indexing Program (C&I) and Federal Depository Library Program (FDLP). 
500 |a Associated bill citation(s): H.R. 469; H.R. 520; H.R. 520; H.R. 929; H.R. 2990; H.R. 2990; H.R. 5004; H.R. 5103; H.R. 5103; H.R. 5504, [and others]. 
500 |a "Serial no. 118-73." 
500 |a GPO Cataloging Record Distribution Program (CRDP). 
504 |a Includes bibliographical references. 
511 0 |a Hearing witnesses: Frazer, Gary, Assistant Director for Ecological Services, U.S. Fish & Wildlife Service, Department of the Interior, Washington, DC; Birmingham, Tom, Water Policy Expert, Sacramento California; Megdal, Sharon B., Director, Water Resources Research Center, University of Arizona, Tucson, Arizona; Taylor, Barbara, Red List Coordinator for the Cetacean Specialist Group, International Union for the Conservation of Nature, San Diego, California; Roady, Stephen, Senior Lecturing Fellow, Duke University School of Law, Professor of the Practice, Duke School of the Environment, Washington, DC; Beal, Robert E., Executive Director, Atlantic States Marine Fisheries Commission, Arlington, Virginia; Wood, Jonathan, Vice President of Law and Policy, Property and Environment Research Center, Bozeman, Montana; Loureiro, Alex, Scientific Director, EnerGeo Alliance, Houston, Texas; Additional Materials Submitted for the Record: Bureau of Ocean Energy Management, Statement for the Record on H.R. 6008; National Marine Fisheries Service, NOAA, Statement for the Record on H.R. 520, H.R. 5103, H.R. 5504, H.R. 2990, and H.R. 6008, [and others]. 
518 |a Date of hearing: 2023-10-25. 
588 |a Description based on online resource; title from PDF title page (GovInfo, viewed July 26, 2024). 
650 0 |a Endangered species  |x Law and legislation  |z United States. 
650 0 |a Sexual harassment  |x Law and legislation  |z United States. 
610 1 0 |a United States.  |b National Oceanic and Atmospheric Administration  |x Rules and practice. 
650 0 |a Aquifers  |z Mexican-American Border Region. 
650 0 |a Fishery law and legislation  |z United States. 
650 0 |a Whales  |x Conservation  |x Law and legislation  |z Mexico, Gulf of. 
610 1 0 |a United States.  |b Department of the Interior  |x Rules and practice. 
650 7 |a Animals.  |2 cgpa 
655 7 |a Legislative hearings.  |2 lcgft  |0 https://id.loc.gov/authorities/genreForms/gf2013025047 
776 0 8 |i Print version:  |a United States. Congress. House. Committee on Natural Resources. Subcommittee on Water, Wildlife and Fisheries.  |t H.R. 520, H.R. 2990, H.R. 5103, H.R. 5504, H.R. 5509, H.R. 5874, and H.R. 6008  |w (OCoLC)1450308131 
856 4 0 |u https://purl.fdlp.gov/GPO/gpo231371  |t 0 
999 f f |s 151df28a-11c9-4e60-9548-1503b3b3a57d  |i bc51e151-d1f3-4800-ac9f-56b62594cbb8  |t 0 
952 f f |a Texas A&M University  |b College Station  |c Electronic Resources  |d Available Online  |t 0  |e Y 4.R 31/3:118-73  |h Superintendent of Documents classification 
998 f f |a Y 4.R 31/3:118-73  |t 0  |l Available Online